Čo hýbe svetom privatequity

Podstata private equity. Private equity na Slovensku. Úspech v zaspatom regióne. Private equity slovníček - terminológia. Rozhovor o investovaní v čase krízy.

Saved in:
Bibliographic Details
Format: Book Chapter
Language:Slovak
Subjects:
Tags: Add Tag
No Tags, Be the first to tag this record!

MARC

LEADER 00000naa a2200000 4500
001 0147334
005 20231113075405.9
041 0 |a slo 
044 |a SK 
245 1 0 |a Čo hýbe svetom privatequity 
520 |a Podstata private equity. Private equity na Slovensku. Úspech v zaspatom regióne. Private equity slovníček - terminológia. Rozhovor o investovaní v čase krízy. 
610 2 0 |a investovanie 
610 2 0 |a fondy investičné 
610 2 0 |a projekty investičné 
610 2 0 |a Slovensko